000 00186nam a2200085Ia 4500
008 120527s9999 xx 000 0 und d
100 _aGleitman, et al
245 _aPsychology
942 _cBK
999 _c27546
_d27546